• 首页
  • 本馆介绍
  • 公告通知
  • 最新文献
  • 馆藏检索
  • 电子资源
  • 读者导购
  • 参考咨询
  • 我的图书馆
  • 登录
  • 详细信息显示
  • 放入我的书架
  • 预约/预借图书
  • 作者相关作品
  • 分类相关作品
  • 丛书相关作品
  • 出版社相关作品

书目信息

  • 表格格式
  • 工作单格式
  • 卡片格式
题名:
喀尔巴阡山狂想曲
    
 
作者: 伊雷什 著 ;汤真 , 万紫 译
分册:  
出版信息: 北京   外国文学出版社  1982
页数: 655页
开本: 19cm
丛书名:
单 册:
中图分类: I515.45 , I515.4
科图分类:
主题词: 长篇小说--匈牙利--现代
电子资源:
ISBN:
000 00786nam0 2200277 45
001 0182002273
005 20040413090001.0
010    @dCNY2.10
091    @a10208.115
100    @a19950622d1982 em y0chiy0121 ea
101 1  @achi@chun
102    @aCN@b110000
105    @ay z 000ay
106    @ar
200 10 @a喀尔巴阡山狂想曲@Aka er ba qian shan kuang xiang qu@f(匈)伊雷什·贝拉(I. Bela)著@g汤真,万紫著
210    @a北京@c外国文学出版社@d1982
215    @a655页@d19cm
606    @a长篇小说@y匈牙利@z现代
690    @aI515.45@v3
690    @aI515.4
701  0 @a伊雷什@Ayi lei shi· bei la@b贝拉@4著
702  0 @a汤真@Atang zhen@4译
702  0 @a万紫@Awan zi@4译
801  0 @aCN@b上海图书馆@c20040413
801  2 @aCN@bNLC@c20040413
905    @f1@b89005@dI515.4@e3
    
    喀尔巴阡山狂想曲/(匈)伊雷什·贝拉(I. Bela)著/汤真,万紫著.-北京:外国文学出版社,1982
    655页;19cm
    
    
    ISBN :CNY2.10
    
●
相关链接 在E读中查询图书 在五车中查询图书 在当当中查询图书 在豆瓣中查询图书


正题名:喀尔巴阡山狂想曲     索取号:I515.4/3         预约/预借

序号 登录号 条形码 馆藏地/架位号 状态 备注
1 0089004   000334622   第二借阅区/ [索取号:I515.4/3] 在馆    
2 0089005   000334613   第二借阅区/ [索取号:I515.4/3] 在馆    
3 0089006   000334631   第一样本阅览室/ [索取号:I515.4/3] 在馆    
唐山师范学院图书馆 欢迎您!
大连网信软件有限公司© 版权所有